DISCRETE MATHEMATICS AND ITS APPLICATIONS / (Record no. 78041)

MARC details
000 -LEADER
fixed length control field 00479nam a2200181Ia 4500
008 - FIXED-LENGTH DATA ELEMENTS--GENERAL INFORMATION
fixed length control field 220922s9999||||xx |||||||||||||| ||und||
020 ## - INTERNATIONAL STANDARD BOOK NUMBER
International Standard Book Number 9790000000000
040 ## - CATALOGING SOURCE
Transcribing agency SFLIB
041 ## - LANGUAGE CODE
Language code of text/sound track or separate title English
082 ## - DEWEY DECIMAL CLASSIFICATION NUMBER
Classification number COM-APLS
Item number 75
100 ## - MAIN ENTRY--PERSONAL NAME
Personal name KENNETH H ROSSEN
245 #0 - TITLE STATEMENT
Title DISCRETE MATHEMATICS AND ITS APPLICATIONS /
Statement of responsibility, etc. by KENNETH H ROSSEN
250 ## - EDITION STATEMENT
Edition statement 8th ed.
260 ## - PUBLICATION, DISTRIBUTION, ETC.
Place of publication, distribution, etc. NEW DELHI :
Name of publisher, distributor, etc. McGraw Hill Education,
Date of publication, distribution, etc. 2021
300 ## - PHYSICAL DESCRIPTION
Extent 1100 p.
650 ## - SUBJECT ADDED ENTRY--TOPICAL TERM
Topical term or geographic name entry element MATHEMATICS
942 ## - ADDED ENTRY ELEMENTS (KOHA)
Koha item type SF Library Books
Holdings
Withdrawn status Lost status Damaged status Collection code Not for loan Home library Current library Shelving location Date acquired Cost, normal purchase price Total Checkouts Full call number Barcode Date last seen Price effective from Koha item type
      Computer Applications   Z - SF LIBRARY@STCP Z - SF LIBRARY@STCP Shelf 1 - Rack 4 2022-09-24 895.00   COM-APLS 75 SF1077 2022-09-24 2022-09-24 SF Library Books
Rights reserved ©2021 ST. THOMAS COLLEGE LIBRARY
A joint venture of - St. Thomas College Library and
Department of Computer Science, St. Thomas Collge Palai